000 00586nam a2200205Ia 4500
003 OSt
005 20220925234014.0
006 a|||||r|||| 00| 0
007 ta
008 220923b |||||||| |||| 00| 0 eng d
037 _b3002, 20/04/2006, BOOK AGE
_cGeneral Book
040 _aRTL
_cRTL
_beng
041 _2eng
_aeng
100 _aGUPTA K.R. Ed.
245 0 _aWorld trade organisation 2v.
260 _a New Delhi
_bAtlantic Publishers
_c2006
300 _a716
_ccm.
942 _cGB
_2CC
999 _c595022
_d595022